000 00802nam a2200253 a 4500
001 43243
003 BD-RjUL
005 20211209053652.0
008 160620s1995 ii b 001 0 eng
020 _a8171007929
035 _a(BD-RjUL)43361
040 _aDLC
_cDLC
_dDLC
_dBD-RjUL
_beng
041 _aeng
082 _223
_a331.880954
_bMOD 1995
100 1 _aModi, Sanjay.
_9132830
245 1 0 _aDynamics of trade unionism :
_bperceptions and attitudes of workers, union leaders, and management /
_cSanjay Modi.
260 _aNew Delhi :
_bDeep & Deep Publications,
_cc1995.
300 _axii, 351 p. ;
_c22 cm.
500 _aIncludes index.
504 _aIncludes bibliography
650 _aLabor unions
_zIndia.
_9125710
650 _aLabor unions
_zIndia -- Punjab.
_9132831
942 _2ddc
_cBK
999 _c43243
_d43243